01285nam a22002897a 450000500170000001000260001702000380004302000180008103500140009903500140011303700090012708200120013610000230014824500520017125000070022326000590023027001290028930000290041849000230044750000880047050000860055870000330064494200260067799900190070395201370072295201360085920240704112003.0 aENG-140769 ENG-140763 c1150.00 (Set of 2)a9788131728451 a9789361598388 aEN-124295 aEN-124301 bDBAD a000211 aKar, Sutapa968093 aWBCS Scanner/cby Sutapa Kar {and} Samim Sarkar a11 aNoidabPearson India Education Services Pvt. Ltdc2024 a1st Floor, Berger Tower, Plot No. C-001A/2 Sector 16BbNoida (U.P.)e201301k04466540100mcompanysecretary.india@pearson.com aVarious Pagesb23cm (Pb) vVolume 1, Volume 2 aIncludes Previous Year Question Papers of Prelims 1999-2023 Fully Solved (Volume 1) aIncludes Previous Year Question Papers of Mains 2014-2022 Fully Solved (Volume 2) aSarkar, SamimeAuthor968086 2ddccENh000mKARe11 c203929d203929 00103Volume 1 40708NFICaCJbCJd2024-07-04eDBADg575.00l0o000 KARpEN-124295r2024-07-04 00:00:00t1v575.00w2024-07-04yEN 00103Volume 240708NFICaCJbCJd2024-07-04eDBADg575.00l0o000 KARpEN-124301r2024-07-04 00:00:00t1v575.00w2024-07-04yEN